000 01865nam a2200337 c 4500
003 BLK
005 20180420231210.0
008 180409b bul|||||r ||||||| ||bul||
010 _aKNG00122621000
040 _aBLK
041 _aBUL
_cBUL
080 _aАвтоматизация
_b005.591.6
_x(075.8)
_z005.591.6(075.8)
080 _aЕлектронно-изчислителни машини и калкулатори. Общи въпроси
_b681.31
_x(075.8)
_z681.31(075.8)
100 1 _aАйков, Стоян Ангелов
_eпърви автор
_929782
700 1 _aКабаиванов, Ради
_eсъавт.
_9315013
700 1 _aДражев, Стефан
_eсъавт.
_9315014
139 _aАйков, Стоян Ангелов и др.
_bА 37
245 1 0 _aТехнология на машинната обработка на икономическата информация
_bУчебник за студентите от ВИИ К. Маркс - София
_cСтоян Ангелов Айков; съавт. Ради Кабаиванов; съавт. Стефан Дражев.
257 _aBGR
260 София
_bНаука и изкуство
_c1984
300 _a260 с.
_bс табл., диагр., сх.
_c22 см
380 _a62
500 _aПълното име на третия авт. е Стефан Дражев Василев. - Библиогр. с. 255-256.
650 4 _aИкономическа информация - обработка на електронноизчислителни машини - учебници за ВУЗ
_9244913
650 4 _aИзчислителни машини, електронни
_9258606
852 _aЦб 125056
856 4 _qpdf
_u
856 4 _qpdf
_u
942 _cKNG
_n0
944 _aCR
_c04.04.2011
_lдобави в АБ / 01.04.2011
_kКети_Илиева
944 _aED
_c04.04.2011
_lдобави в АБ / 01.04.2011
_k
999 _c117046
_d117046